Sports Quiz

Random Sports or Mixed Word Quiz

Unscramble the Yankees Players Quiz Stats

 Plays Quiz not verified by Sporcle

Challenge
Share
Tweet
Embed
Score 0/32 Timer 04:00
0 Plays Today
Unscrambled Player Scrambled Player % Correct
LAXE RDOGIRZUEALEX RODRIGUEZ
100%
IHPL GUHHESPHIL HUGHES
100%
TTBRE GADRNERBRETT GARDNER
100%
VADID HPLEPSDAVID PHELPS
100%
DREEK TERJEDEREK JETER
97.8%
OBRSINSON ANCOROBINSON CANO
97.8%
CKIN SWSIERHNICK SWISHER
97.8%
ORCY DAWECORY WADE
97.8%
SSLLEUR ARTINMRUSSELL MARTIN
95.6%
CC ASATHAIBCC SABATHIA
93.3%
DDYFRE CIGARAFREDDY GARCIA
93.3%
NAVI NVAOIVAN NOVA
93.3%
YAJONS IXNJAYSON NIX
91.7%
HRISC WARTSTECHRIS STEWART
91.7%
MOARINAO RVIEARMARIANO RIVERA
91.1%
URCTIS ONSGARERDNCURTIS GRANDERSON
91.1%
Unscrambled Player Scrambled Player % Correct
CHMIEAL INPEDAMICHAEL PINEDA
91.1%
OONEB GANLOBOONE LOGAN
88.9%
AKRM TIEXERIAMARK TEIXEIRA
86.7%
UWANDR ONJESANDRUW JONES
86.7%
VIDDA BERTSONRODAVID ROBERTSON
86.7%
ODEDUAR NNUEZEDUARDO NUNEZ
86.7%
VIAN OVANIVAN NOVA
83.3%
BOJA HCMABREILANJOBA CHAMBERLAIN
83.3%
RFAELA OSARINARAFAEL SORIANO
80%
IKIORH UKRODAHIROKI KURODA
80%
UALR NBEZIARAUL IBANEZ
77.8%
DAYN PTTETTIEANDY PETTITTE
75%
CERI VEZCHAERIC CHAVEZ
73.3%
WDEYANE ISEWDEWAYNE WISE
66.7%
DOCY PPELEYCODY EPPLEY
58.3%
YALC RAPADACLAY RAPADA
50%

You're not logged in!

Compare scores with friends on all Sporcle quizzes.
OR
Log In

You Might Also Like...

Show Comments

Extras

Top Quizzes Today


Score Distribution

Your Account Isn't Verified!

In order to create a playlist on Sporcle, you need to verify the email address you used during registration. Go to your Sporcle Settings to finish the process.

Report this User

Report this user for behavior that violates our Community Guidelines.

Details: